| 000 | | | 03742cam0a2200277#x 450 |
| 001 | | | 0cf064c4-fddc-4ce9-ae68-fbf6b67c2ee1 |
| 005 | | | 20210830164258.0 |
| 100 | ## | $a | 20210830j19380316k###0rusy50 ca |
| 101 | 0# | $a | rus |
| 102 | ## | $a | PL |
| 122 | 0# | $a | d19380316## |
| 200 | 1# | $a | Обзор польской прессы за март 1938 г., составленный в пресс-бюро полпредства СССР в Польше |
| | $j | 16 марта 1938 г. |
| 251 | ## | $c | Документ |
| 300 | ## | $a | Копия |
| 300 | ## | $a | Обратная нумерация листов |
| 461 | #0 | $1 | 2001 |
| | $a | Ф. 37967 |
| | $1 | 251 |
| | $c | Фонд |
| | $1 | 852 |
| | $j | 37967 |
| 462 | #0 | $1 | 2001 |
| | $a | Оп. 8 |
| | $1 | 251 |
| | $c | Опись |
| | $1 | 852 |
| | $j | 8 |
| 462 | #0 | $1 | 2001 |
| | $a | Д. 1336 |
| | $v | Л. 29-26 |
| | $1 | 251 |
| | $c | Дело |
| | $1 | 852 |
| | $j | 1336 |
| 605 | ## | $2 | prlib_sh |
| | $3 | LIBNET\UAF\0000088514 |
| | $a | Вторая мировая война в архивных документах (Комплекс оцифрованных архивных документов, кино- и фотоматериалов) |
| | $l | коллекция |
| 617 | ## | $2 | prlib_sh |
| | $a | Польша |
| | $f | 1938 |
| 801 | #0 | $a | RU |
| | $b | ПБ им. Б.Н. Ельцина |
| | $c | 20210830 |
| 801 | #1 | $a | RU |
| | $b | ПБ им. Б.Н. Ельцина |
| | $c | 20210830 |
| | $2 | rusmarc |
| 801 | #2 | $a | RU |
| | $b | ПБ им. Б.Н. Ельцина |
| | $c | 20210830 |
| | $2 | rusmarc |
| 850 | ## | $a | Российский государственный военный архив |
| 852 | ## | $a | РГВА |
| | $j | Л. 29-26 |
| 856 | 4# | $n | ПБ им. Б.Н. Ельцина |
| | $u | http://readingroom.main.prlib.ru/item.aspx?id_node=n167761181&mode=full |
| 035 | ## | $a | LIBNET\0001179976 |
| 937 | ## | $d | 167761181 |
| | $h | Федеральное архивное агентство |